[Event "EU-ch blitz"]
[Site "Katowice"]
[Date "2017.12.15"]
[Round "19"]
[White "De Filomeno, Simone"]
[Black "Tregubov, Pavel V"]
[Result "1-0"]
[WhiteElo "2429"]
[BlackElo "2575"]
[PlyCount "63"]
[EventDate "2017.12.15"]
[EventType "swiss (blitz)"]
[EventRounds "22"]
[EventCountry "POL"]
[SourceTitle "CBM 182 Extra"]
[Source "ChessBase"]
[SourceDate "2018.02.23"]
[SourceVersion "1"]
[SourceVersionDate "2018.02.23"]
[SourceQuality "1"]

1. d4 Nf6 2. Nf3 c5 3. c4 cxd4 4. Nxd4 a6 5. Nc3 d5 6. cxd5 Nxd5 7. Nb3 Nxc3 8. Qxd8+ Kxd8 9. bxc3 Nc6 10. g3 Kc7 11. Bg2 e5 12. Be3 Be7 13. 0-0 Bf5 14. Nc5 b6 15. Nd3 f6 16. Nb4 Nxb4 17. cxb4 Rac8 18. Rac1+ Kb8 19. Bxb6 Bxb4 20. e4 Rxc1 21. Rxc1 Be6 22. Rb1 Rc8 23. Rxb4 Rc1+ 24. Bf1 Kc8 25. Kg2 Bxa2 26. Bxa6+ Kd7 27. Be3 Rc2 28. Rb7+ Kd6 29. Rxg7 Rc6 30. Bb7 Rc4 31. Rxh7 Bb1 32. Rf7 1-0

[Event "EU-ch blitz"]
[Site "Katowice"]
[Date "2017.12.15"]
[Round "7"]
[White "De Filomeno, Simone"]
[Black "Zelbel, Patrick"]
[Result "1-0"]
[WhiteElo "2429"]
[BlackElo "2456"]
[PlyCount "118"]
[EventDate "2017.12.15"]
[EventType "swiss (blitz)"]
[EventRounds "22"]
[EventCountry "POL"]
[SourceTitle "CBM 182 Extra"]
[Source "ChessBase"]
[SourceDate "2018.02.23"]
[SourceVersion "1"]
[SourceVersionDate "2018.02.23"]
[SourceQuality "1"]

1. d4 Nf6 2. Nf3 e6 3. g3 c5 4. c4 cxd4 5. Nxd4 d5 6. Bg2 e5 7. Nc2 Be6 8. Nc3 d4 9. Bxb7 Nbd7 10. Ne4 Rb8 11. Nxf6+ gxf6 12. Bg2 Bxc4 13. 0-0 Bc5 14. b3 Be6 15. b4 Be7 16. a4 Nb6 17. b5 Nd5 18. Ba3 0-0 19. Qd2 Bxa3 20. Rxa3 Qe7 21. Rfa1 Rfd8 22. Ne1 f5 23. Nf3 f6 24. Nh4 Qf7 25. Qd3 Ne7 26. Rc1 e4 27. Qd2 Rbc8 28. Raa1 Qg7 29. Qf4 Qg5 30. Rxc8 Nxc8 31. Qc7 Re8 32. a5 d3 33. e3 Qg7 34. Qxg7+ Kxg7 35. b6 axb6 36. a6 Na7 37. Rb1 Rb8 38. Bh3 Bc4 39. Nxf5+ Kf8 40. Nd6 Bxa6 41. Nxe4 Ke7 42. Bf1 Rd8 43. Rxb6 d2 44. Nxd2 Rxd2 45. Rxa6 Nc8 46. h4 Rb2 47. Kg2 Rb7 48. Kf3 Rb1 49. Bd3 Rb7 50. Bxh7 Nd6 51. g4 Nf7 52. Bf5 Ne5+ 53. Kg3 Rb2 54. Ra7+ Kd6 55. h5 Rb8 56. h6 Nc6 57. Rd7+ Kc5 58. h7 Ne5 59. Rg7 Kd5 1-0

[Event "EU-ch blitz"]
[Site "Katowice"]
[Date "2017.12.15"]
[Round "8"]
[White "Zelbel, Patrick"]
[Black "De Filomeno, Simone"]
[Result "1/2-1/2"]
[WhiteElo "2456"]
[BlackElo "2429"]
[PlyCount "81"]
[EventDate "2017.12.15"]
[EventType "swiss (blitz)"]
[EventRounds "22"]
[EventCountry "POL"]
[SourceTitle "CBM 182 Extra"]
[Source "ChessBase"]
[SourceDate "2018.02.23"]
[SourceVersion "1"]
[SourceVersionDate "2018.02.23"]
[SourceQuality "1"]

1. e4 c5 2. c3 g6 3. d4 cxd4 4. cxd4 d5 5. e5 Bg7 6. Nc3 a6 7. h3 Nc6 8. Be3 f6 9. f4 e6 10. Nf3 Nge7 11. g4 0-0 12. Bg2 f5 13. g5 b5 14. h4 Qb6 15. h5 Rd8 16. Bf1 Bd7 17. Be2 Rac8 18. Kf2 Na5 19. Rc1 Nc4 20. b3 Nxe3 21. Kxe3 Qa5 22. Qd2 Rc7 23. hxg6 hxg6 24. Nb1 Qxd2+ 25. Kxd2 Rdc8 26. Rxc7 Rxc7 27. Rc1 Rxc1 28. Kxc1 Nc6 29. Kd2 Bf8 30. a3 Kf7 31. Kc2 Ke8 32. Kb2 Kd8 33. Nbd2 Kc7 34. Nf1 Kb6 35. Ne3 Be7 36. Nc2 a5 37. Nh4 Be8 38. Kc3 b4+ 39. axb4 axb4+ 40. Kb2 Ka5 41. Bd3 1/2-1/2

[Event "ITA-ch sf"]
[Site "Civitanova Marche"]
[Date "2014.07.26"]
[Round "8"]
[White "De Filomeno, Simone"]
[Black "Bruno, Fabio"]
[Result "1/2-1/2"]
[WhiteElo "2440"]
[BlackElo "2428"]
[PlyCount "21"]
[EventDate "2014.07.19"]
[EventType "swiss"]
[EventRounds "9"]
[EventCountry "ITA"]
[SourceTitle "EXT 2024"]
[Source "ChessBase"]
[SourceDate "2023.10.10"]
[SourceVersion "1"]
[SourceVersionDate "2023.10.10"]
[SourceQuality "1"]

1. d4 Nf6 2. c4 e6 3. Nc3 Bb4 4. Qc2 0-0 5. e4 d5 6. e5 Ne4 7. Bd3 c5 8. Nf3 cxd4 9. Nxd4 Nd7 10. Bf4 Ndc5 11. 0-0 1/2-1/2

[Event "ITA-ch sf"]
[Site "Civitanova Marche"]
[Date "2014.07.22"]
[Round "4"]
[White "De Filomeno, Simone"]
[Black "Pesce, Gabriele"]
[Result "1-0"]
[WhiteElo "2440"]
[BlackElo "2203"]
[PlyCount "61"]
[EventDate "2014.07.19"]
[EventType "swiss"]
[EventRounds "9"]
[EventCountry "ITA"]
[SourceTitle "EXT 2024"]
[Source "ChessBase"]
[SourceDate "2023.10.10"]
[SourceVersion "1"]
[SourceVersionDate "2023.10.10"]
[SourceQuality "1"]

1. Nf3 Nf6 2. c4 g6 3. g3 Bg7 4. Bg2 0-0 5. 0-0 d6 6. Nc3 c5 7. d4 cxd4 8. Nxd4 Ng4 9. h3 Ne5 10. b3 Nbc6 11. Be3 Bd7 12. Rc1 Nxd4 13. Bxd4 Bc6 14. e4 a5 15. Re1 Rc8 16. f4 Nd7 17. Bf2 Re8 18. Re2 Qc7 19. Rd2 b5 20. Nd5 Qb7 21. cxb5 Qxb5 22. Rdc2 Kf8 23. e5 Qb7 24. Nxe7 Bxg2 25. Rxc8 Nxe5 26. fxe5 Bxe5 27. R1c7 Qe4 28. Rxe8+ Kxe8 29. Qg4 f5 30. Qxe4 Bxe4 31. Nc6 1-0

[Event "ITA-ch sf"]
[Site "Civitanova Marche"]
[Date "2014.07.20"]
[Round "2"]
[White "De Filomeno, Simone"]
[Black "Bentivegna, Francesco"]
[Result "1/2-1/2"]
[WhiteElo "2440"]
[BlackElo "2302"]
[PlyCount "33"]
[EventDate "2014.07.19"]
[EventType "swiss"]
[EventRounds "9"]
[EventCountry "ITA"]
[SourceTitle "EXT 2024"]
[Source "ChessBase"]
[SourceDate "2023.10.10"]
[SourceVersion "1"]
[SourceVersionDate "2023.10.10"]
[SourceQuality "1"]

1. d4 d5 2. c4 e6 3. Nc3 Bb4 4. Nf3 Nf6 5. Qa4+ Nc6 6. e3 0-0 7. Bd2 dxc4 8. Bxc4 a6 9. 0-0 Bd6 10. Rfd1 e5 11. d5 Ne7 12. e4 Ng6 13. Be2 h6 14. Rac1 Nh5 15. g3 Nf6 16. Ne1 Nh7 17. Be3 1/2-1/2

[Event "ITA-ch sf"]
[Site "Civitanova Marche"]
[Date "2014.07.19"]
[Round "1"]
[White "Dappiano, Andrea"]
[Black "De Filomeno, Simone"]
[Result "0-1"]
[WhiteElo "2190"]
[BlackElo "2440"]
[PlyCount "40"]
[EventDate "2014.07.19"]
[EventType "swiss"]
[EventRounds "9"]
[EventCountry "ITA"]
[SourceTitle "EXT 2024"]
[Source "ChessBase"]
[SourceDate "2023.10.10"]
[SourceVersion "1"]
[SourceVersionDate "2023.10.10"]
[SourceQuality "1"]

1. e4 c5 2. Nc3 Nc6 3. g3 g6 4. Bg2 Bg7 5. d3 d6 6. Be3 e5 7. Nge2 Nge7 8. 0-0 0-0 9. f4 Nd4 10. Qd2 Be6 11. Rae1 Rc8 12. b3 Qd7 13. Nd5 Nxd5 14. exd5 Bg4 15. Nc1 Nf5 16. fxe5 Nxe3 17. Rxe3 Bh6 18. Qf2 Bxe3 19. Qxe3 Rfe8 20. Qf2 Rxe5 0-1

[Event "ITA-chT 46th"]
[Site "Condino"]
[Date "2014.05.02"]
[Round "5.2"]
[White "De Filomeno, Simone"]
[Black "Valsecchi, Alessio"]
[Result "1-0"]
[WhiteElo "2430"]
[BlackElo "2407"]
[PlyCount "99"]
[EventDate "2014.04.30"]
[EventType "team-swiss"]
[EventRounds "7"]
[EventCountry "ITA"]
[SourceTitle "CBM 160 Extra"]
[Source "ChessBase"]
[SourceDate "2014.07.01"]
[SourceVersion "1"]
[SourceVersionDate "2014.07.01"]
[SourceQuality "1"]
[WhiteTeam "Torino"]
[BlackTeam "Chieti"]
[WhiteTeamCountry "ITA"]
[BlackTeamCountry "ITA"]

1. c4 e5 2. Nc3 Nf6 3. g3 Nc6 4. Bg2 Bc5 5. d3 d6 6. Nf3 h6 7. 0-0 0-0 8. Na4 Bb6 9. Nxb6 axb6 10. b3 Re8 11. Bb2 Bg4 12. h3 Bd7 13. e4 Nh7 14. d4 Ng5 15. Nxg5 hxg5 16. d5 Ne7 17. Qh5 b5 18. Qxg5 bxc4 19. bxc4 c5 20. f4 Ng6 21. Qxd8 Rexd8 22. fxe5 dxe5 23. Rfb1 Ra6 24. Bc3 Rb8 25. Rb2 b6 26. h4 f6 27. a4 Rba8 28. a5 bxa5 29. Rb7 Nf8 30. Rc7 a4 31. Rxc5 a3 32. Ra2 Ra4 33. Rc7 Rb8 34. c5 Bb5 35. c6 Bc4 36. Ra1 Rb3 37. d6 Be6 38. d7 Ra8 39. Ba5 Rab8 40. Ra7 a2 41. Kh2 Rb1 42. c7 R8b2 43. c8Q Bxd7 44. Qc4+ Be6 45. Qc7 Nd7 46. Bc3 Rc2 47. Qd6 Rb6 48. Qd3 Rf2 49. Rxd7 Bxd7 50. Qxd7 1-0

[Event "Wch U18"]
[Site "Al Ain"]
[Date "2013.12.23"]
[Round "8"]
[White "De Filomeno, Simone"]
[Black "Saraci, Nderim"]
[Result "1-0"]
[WhiteElo "2431"]
[BlackElo "2047"]
[PlyCount "72"]
[EventDate "2013.12.18"]
[EventType "swiss"]
[EventRounds "11"]
[EventCountry "UAE"]
[SourceTitle "CBM 158 Extra"]
[Source "ChessBase"]
[SourceDate "2014.02.28"]
[SourceVersion "1"]
[SourceVersionDate "2014.02.28"]
[SourceQuality "1"]

1. d4 Nf6 2. c4 e6 3. Nf3 b6 4. g3 Bb7 5. Bg2 Be7 6. 0-0 0-0 7. d5 exd5 8. Nh4 Ne4 9. cxd5 Nd6 10. Nf3 f5 11. Nc3 Na6 12. Nd4 Bg5 13. Qc2 Bxc1 14. Raxc1 Qf6 15. e3 Rfc8 16. Rfd1 c5 17. dxc6 dxc6 18. Qb3+ Nf7 19. Qe6 Qxe6 20. Nxe6 Rab8 21. Rd7 Re8 22. Rxb7 Rxb7 23. Bxc6 Rxe6 24. Bxb7 Nc5 25. Bd5 Re7 26. Kf1 g6 27. Ke2 Kg7 28. b4 Na6 29. a3 Nc7 30. Bb3 Nd6 31. a4 Kf6 32. f3 Kg7 33. Rd1 Nb7 34. Rd4 h5 35. Nd5 Nxd5 36. Bxd5 Nd6 1-0

[Event "Wch U18"]
[Site "Al Ain"]
[Date "2013.12.23"]
[Round "7"]
[White "Draskovic, Luka"]
[Black "De Filomeno, Simone"]
[Result "1-0"]
[WhiteElo "2282"]
[BlackElo "2431"]
[PlyCount "115"]
[EventDate "2013.12.18"]
[EventType "swiss"]
[EventRounds "11"]
[EventCountry "UAE"]
[SourceTitle "CBM 158 Extra"]
[Source "ChessBase"]
[SourceDate "2014.02.28"]
[SourceVersion "1"]
[SourceVersionDate "2014.02.28"]
[SourceQuality "1"]

1. e4 c5 2. Nf3 d6 3. d4 cxd4 4. Nxd4 Nf6 5. Nc3 a6 6. Be3 e5 7. Nf3 Be7 8. Bc4 0-0 9. 0-0 Be6 10. Bb3 Qc7 11. Qe2 Rc8 12. Rfd1 Nbd7 13. Bg5 b5 14. Ne1 Rab8 15. Nd5 Bxd5 16. Bxf6 Nxf6 17. Bxd5 Nxd5 18. Rxd5 Qc4 19. Qxc4 Rxc4 20. f3 g6 21. Kf2 f5 22. b3 Rc6 23. Ke2 Kf7 24. Rad1 Ke6 25. R1d3 Rbc8 26. Kd1 Rf8 27. Re3 Bg5 28. Re2 fxe4 29. fxe4 Rf1 30. Rd3 Rc7 31. Rf3 Rh1 32. g3 Rd7 33. c3 d5 34. exd5+ Rxd5+ 35. Kc2 Kd6 36. Rf7 e4 37. Rxh7 Bd2 38. Rxd2 Rxe1 39. Rg7 Rxd2+ 40. Kxd2 Rh1 41. Rxg6+ Ke5 42. h4 Rh2+ 43. Ke3 Rxa2 44. Rg5+ Kf6 45. Kxe4 Ra3 46. Rc5 Rxb3 47. Rc6+ Kg7 48. Kf5 b4 49. cxb4 Rxg3 50. Rxa6 Kf7 51. Ra7+ Ke8 52. b5 Kd8 53. h5 Rh3 54. Kg6 Rg3+ 55. Kh7 Kc8 56. h6 Kb8 57. Rg7 Rh3 58. Kg6 1-0

[Event "Wch U18"]
[Site "Al Ain"]
[Date "2013.12.23"]
[Round "9"]
[White "Ladva, Ottomar"]
[Black "De Filomeno, Simone"]
[Result "0-1"]
[WhiteElo "2337"]
[BlackElo "2431"]
[PlyCount "78"]
[EventDate "2013.12.18"]
[EventType "swiss"]
[EventRounds "11"]
[EventCountry "UAE"]
[SourceTitle "CBM 158 Extra"]
[Source "ChessBase"]
[SourceDate "2014.02.28"]
[SourceVersion "1"]
[SourceVersionDate "2014.02.28"]
[SourceQuality "1"]

1. d4 d5 2. c4 e6 3. Nc3 c6 4. e4 dxe4 5. Nxe4 Bb4+ 6. Nc3 c5 7. a3 Bxc3+ 8. bxc3 Nf6 9. Nf3 Qa5 10. Bd2 Ne4 11. Bd3 Nxd2 12. Qxd2 cxd4 13. cxd4 Nc6 14. Be4 Qxd2+ 15. Kxd2 Na5 16. Kc3 Bd7 17. Kb4 Nc6+ 18. Bxc6 Bxc6 19. d5 exd5 20. Rhe1+ Kf8 21. Rad1 a5+ 22. Kc5 Rc8 23. Kb6 dxc4 24. Ne5 Bxg2 25. Rd7 Re8 26. Rxf7+ Kg8 27. Rc7 h5 28. f4 Rh6+ 29. Kxa5 Rd6 30. Kb4 h4 31. Re2 h3 32. Rxc4 Bf1 33. Re3 Bxc4 34. Kxc4 Rf6 35. Re4 Rc6+ 36. Kb3 Rb6+ 37. Kc3 Rc8+ 38. Nc4 Rb1 39. Kd4 Rd1+ 0-1